| 000 | 01298nam0a22002891 4500 | ||
|---|---|---|---|
| 001 | rc\3657256 | ||
| 005 | 20260407151037.0 | ||
| 021 |
_aRU _b72-50211 |
||
| 021 |
_aRU _bРг14800-72 |
||
| 035 | _a(NLR Aleph) 007737771 | ||
| 090 |
_a7125118 _c7125118 |
||
| 100 | _a20130115d1971 |||y0rusy50 ca | ||
| 101 | 1 |
_arus _cund |
|
| 102 | _aRU | ||
| 105 | _aa d ||||| | ||
| 200 | 1 |
_aОперационный блок _eРеф. _fМ-во здрав. СССР. Всесоюз. науч.-исслед. ин-т мед. и мед.-техн. информации. Гос. проектный и науч.-исслед. ин-т по проектированию учреждений здравоохранения Гипронииздрав. Специализир. информ. центр |
|
| 210 |
_aМосква _cБ. и. _d1971 |
||
| 215 |
_a18 с. _cил. _d22 |
||
| 300 | _aПер. из журн.: "Techniques hospitatières", 1969, mars, № 282 | ||
| 300 | _aСост. указан в вып. дан. | ||
| 700 | 1 |
_aКрессель _bЖ. _4220 |
|
| 712 | 0 | 2 |
_aВНИИ медицинской и медико-технической информации _9550161 _3RU\NLR\AUTH\8810025967 |
| 801 | 0 |
_aRU _bNLR _gpsbo |
|
| 801 | 1 |
_aRU _bELAR _2rusmarc |
|
| 852 |
_aNLR _j72-6/7840 |
||
| 942 | _cBOOK | ||
| 980 | _aNB | ||